Statistics for Countries with the most major airports

Click here to take the quiz!

General Stats

  • This quiz has been taken 26 times
  • The average score is 9 of 10

Answer Stats

Major airportsCountry% Correct
17China
100%
3India
100%
4United Kingdom
100%
3Germany
96%
25USA
96%
3Australia
92%
4Japan
88%
3Turkey
88%
3Spain
85%
3South Korea
81%

Score Distribution

Percentile by Number Answered

Percent of People with Each Score

Your Score History

You have not taken this quiz